000 00284nam a22001337a 4500
008 171101b xxu||||| |||| 00| 0 eng d
020 _a9780073136868
041 _aeng
080 _a33
100 _a59
101 _aBUS
245 _aBUSINESS ETHICS
_cHARTMAN.D
942 _2udc
_cBK
999 _c37004
_d37004